Head first PMP: electronic resource (Record no. 9658)
[ view plain ]
| 000 -LEADER | |
|---|---|
| fixed length control field | 00698 a2200205 4500 |
| 020 ## - INTERNATIONAL STANDARD BOOK NUMBER | |
| International Standard Book Number | 9780596102340 |
| 020 ## - INTERNATIONAL STANDARD BOOK NUMBER | |
| International Standard Book Number | 0596102348 |
| 040 ## - CATALOGING SOURCE | |
| Original cataloging agency | DLC |
| Language of cataloging | DLC |
| 100 1# - MAIN ENTRY--PERSONAL NAME | |
| Personal name | Greene, Jennifer, |
| 245 10 - TITLE STATEMENT | |
| Title | Head first PMP: electronic resource |
| Statement of responsibility, etc. | Jennifer Greene, Andrew Stellman. |
| 246 3# - VARYING FORM OF TITLE | |
| Title proper/short title | Head first project management professional |
| 260 ## - PUBLICATION, DISTRIBUTION, ETC. | |
| Place of publication, distribution, etc. | Sebastopol, Calif. : |
| Name of publisher, distributor, etc. | O'Reilly, |
| Date of publication, distribution, etc. | 2007. |
| 500 ## - GENERAL NOTE | |
| General note | Includes index. |
| 650 #0 - SUBJECT ADDED ENTRY--TOPICAL TERM | |
| Topical term or geographic name entry element | Project management |
| General subdivision | Certification. |
| 650 #0 - SUBJECT ADDED ENTRY--TOPICAL TERM | |
| Topical term or geographic name entry element | Project management |
| General subdivision | Examinations |
| 700 1# - ADDED ENTRY--PERSONAL NAME | |
| Personal name | Stellman, Andrew. |
| 830 #0 - SERIES ADDED ENTRY--UNIFORM TITLE | |
| Uniform title | Safari Books Online. |
| 856 4# - ELECTRONIC LOCATION AND ACCESS | |
| Uniform Resource Identifier | <a href="http://proquest.safaribooksonline.com/?uiCode=iupui&xmlId=9780596102340">http://proquest.safaribooksonline.com/?uiCode=iupui&xmlId=9780596102340</a> |
| 942 ## - ADDED ENTRY ELEMENTS (KOHA) | |
| Koha item type | Book |
| Call number prefix | 658.404 GRE |
| Source of classification or shelving scheme | |
| Withdrawn status | Lost status | Damaged status | Not for loan | Collection code | Permanent Location | Current Location | Shelving location | Date acquired | Source of acquisition | Cost, normal purchase price | Total Checkouts | Full call number | Barcode | Date last seen | Price effective from | Koha item type | Date last checked out |
|---|---|---|---|---|---|---|---|---|---|---|---|---|---|---|---|---|---|
| Central Library (CL) | Central Library (CL) | General Stacks | 10/16/2009 | Star Books | 3932.50 | 658.404 GRE | SEECS009729 | 11/14/2012 | 01/05/2017 | Book | |||||||
| Central Library (CL) | Central Library (CL) | General Stacks | 10/16/2009 | Star Books | 3932.50 | 1 | 658.404 GRE | SEECS009728 | 06/14/2022 | 01/05/2017 | Book | 03/08/2022 | |||||
| Central Library (CL) | Central Library (CL) | General Stacks | 10/16/2009 | Star Books | 3932.50 | 658.404 GRE | SEECS009730 | 09/09/2025 | 01/05/2017 | Book |
